Expressions - Workbook 2 : Meaningful English Communication

保存先:
書誌詳細
第一著者: Nunan, David
フォーマット: 図書
言語:Undetermined
出版事項: Australia Heinle 2002
主題:
タグ: タグ追加
タグなし, このレコードへの初めてのタグを付けませんか!
Thư viện lưu trữ: Trung tâm Học liệu Trường Đại học Cần Thơ
LEADER 00588nam a2200217Ia 4500
001 CTU_95556
008 210402s9999 xx 000 0 und d
020 |c 142000 
082 |a 428.24 
082 |b N972/wb2 
100 |a Nunan, David 
245 0 |a Expressions - Workbook 2 : 
245 0 |b Meaningful English Communication 
245 0 |c David Nunan, John Chapman 
260 |a Australia 
260 |b Heinle 
260 |c 2002 
650 |a English language 
650 |x Study and teaching 
904 |i Tuyến,Hải 
980 |a Trung tâm Học liệu Trường Đại học Cần Thơ